Riconosci la Stato degli Stati Uniti - Quiz n°41 - Statistics

Statistiche generali
  • Questo quiz è stato fatto 4 volte
  • Il punteggio medio è 6 su 10
Statistiche sulle risposte
Indizio Risposta % Corretto
Iniziale della Capitale C
100%
Fuso orario UTC-5
75%
Popolazione 1 793 716 ab.
50%
Data di istituzione 20 giugno 1863
50%
Rappresentanza parlamentare 3 Rappresentanti: 3 R 2 Senatori: Joe Manchin (D), Shelley Moore Capito (R)
50%
Numero stati confinanti 5
50%
Numero contee 55
50%
Superficie 62 755 km²
50%
Altitudine 73 - 1 482 m s.l.m.
50%
Stato federale Virginia Occidentale
25%
Nessun quiz corrispondente trovato
Distribuzione punteggi
Percentuale di utenti per punteggio
Percentile per numero di risposta
I tuoi punteggi nel tempo
Non hai fatto questo quiz